| 000 | 00391nam a2200133Ia 4500 | ||
|---|---|---|---|
| 008 | 220216s9999 xx 000 0 und d | ||
| 100 | _aMagee R W | ||
| 245 | 0 | _aEvaluation of the external surface area of carbon black by nitrogen adsorption | |
| 260 |
_bRubber Chemistry and Technology _c1995 |
||
| 300 | _a590-600 | ||
| 650 | _aCarbon black | ||
| 650 | _aNitrogen adsorption | ||
| 942 | _cJS | ||
| 999 |
_c59021 _d59021 |
||